Prespanski sela - Makedonija - Statistics

General Stats
  • This quiz has been taken 8 times
  • The average score is 44 of 45
Answer Stats
Answer % Correct
arvati
100%
asamati
100%
bolno
100%
brajcino
100%
carev dvor
100%
dolna bela crkva
100%
dolno dupeni
100%
dolno perovo
100%
drmeni
100%
evla
100%
ezerani
100%
gorna bela crkva
100%
gorno dupeni
100%
gorno perovo
100%
grncari
100%
izbista
100%
jankovec
100%
konjsko
100%
kozjak
100%
krani
100%
kriveni
100%
kurbinovo
100%
lavci
100%
ljubojno
100%
nakolec
100%
otesevo
100%
podmocani
100%
pokrvenik
100%
preljublje
100%
pretor
100%
rajca
100%
sirhan
100%
slivnica
100%
sopotsko
100%
stenje
100%
stipona
100%
strbovo
100%
surlenci
100%
volkoderi
100%
gorno krusje
83%
ilino
83%
leva reka
83%
petrino
83%
zlatari
83%
leskoec
67%
No matching quizzes found
Score Distribution
Percent of People with Each Score
Percentile by Number Answered
Your Score History
You have not taken this quiz